| 000 | 00416nam a2200181Ia 4500 | ||
|---|---|---|---|
| 001 | 18428 | ||
| 005 | 20260306171630.0 | ||
| 008 | 260306s9999||||xx |||||||||||||| ||und|| | ||
| 041 | _aESP | ||
| 082 |
_a658.404 _bB78 |
||
| 100 |
_aBove, Antonello _eAUT |
||
| 245 | 0 | _aEstrategia & proyecto | |
| 260 | _c2010 | ||
| 300 |
_a357 páginas : _c25 cm. |
||
| 650 | _aGEN | ||
| 654 | _aCAN | ||
| 942 |
_cLIB _dJUS _fJUS _2ddc _n |
||
| 999 |
_c18428 _d18428 |
||